00402nam a22001337a 450000500170000000800410001702000150005808200140007310000120008724500720009926000400017130000320021165000250024320231025123228.0231025b |||||||| |||| 00| 0 eng d a0702146730 a347.1 JUD lEnglish aThe Judiciary in Africa / cedited by Bola Ajibola and Deon Van Zyl aCape Town :bJuta & Co, Ltd, c1998 bxxiv, 236 pages ;c25,5 cm. aLegal practice bLaw